<?xml version="1.0" encoding="UTF-8"?>
<record
    xmlns:xsi="http://www.w3.org/2001/XMLSchema-instance"
    xsi:schemaLocation="http://www.loc.gov/MARC21/slim http://www.loc.gov/standards/marcxml/schema/MARC21slim.xsd"
    xmlns="http://www.loc.gov/MARC21/slim">

  <leader>01380nam a2200265 a 4500</leader>
  <controlfield tag="001">79415</controlfield>
  <controlfield tag="003">BD-RjUL</controlfield>
  <controlfield tag="005">20220217133511.0</controlfield>
  <controlfield tag="008">160725s1962    le            ||| | ara d</controlfield>
  <datafield tag="035" ind1=" " ind2=" ">
    <subfield code="a">(BD-RjUL)79415</subfield>
  </datafield>
  <datafield tag="040" ind1=" " ind2=" ">
    <subfield code="a">HAI</subfield>
    <subfield code="c">BD-RjUL</subfield>
    <subfield code="b">eng</subfield>
  </datafield>
  <datafield tag="041" ind1="0" ind2=" ">
    <subfield code="a">ara</subfield>
  </datafield>
  <datafield tag="082" ind1=" " ind2=" ">
    <subfield code="2">23</subfield>
    <subfield code="a">297.8</subfield>
    <subfield code="b">IBM 1962</subfield>
  </datafield>
  <datafield tag="100" ind1="1" ind2=" ">
    <subfield code="a">&#x627;&#x628;&#x646; &#x62A;&#x64A;&#x645;&#x64A;&#x629;&#x60C; &#x627;&#x62D;&#x645;&#x62F; &#x628;&#x646; &#x639;&#x628;&#x62F; &#x627;&#x644;&#x62D;&#x644;&#x64A;&#x645;&#x60C; ;; Ibn Taymiyyah, Ahmad Ibn Abd al-Halim, </subfield>
    <subfield code="d">1263-1328</subfield>
    <subfield code="9">847</subfield>
  </datafield>
  <datafield tag="245" ind1="1" ind2="0">
    <subfield code="a">&#x645;&#x646;&#x647;&#x627;&#x62C; &#x627;&#x644;&#x633;&#x646;&#x629; &#x627;&#x644;&#x646;&#x628;&#x648;&#x64A;&#x629; ;; minhaj alsunat alnabawiat :</subfield>
    <subfield code="b">&#x641;&#x64A; &#x646;&#x642;&#x636; &#x643;&#x644;&#x627;&#x645; &#x627;&#x644;&#x634;&#x64A;&#x639;&#x629; &#x627;&#x644;&#x642;&#x62F;&#x631;&#x64A;&#x629; ;; fi naqd kalam alshiyeat alqadariat /</subfield>
    <subfield code="c">liabn taymiat abi aleabaas taqi aldiyn ahmad bin eabd alhalim ; tahqiq muhamad rashad salim ;; &#x644;&#x627;&#x628;&#x646; &#x62A;&#x64A;&#x645;&#x64A;&#x629; &#x627;&#x628;&#x64A; &#x627;&#x644;&#x639;&#x628;&#x627;&#x633; &#x62A;&#x642;&#x64A; &#x627;&#x644;&#x62F;&#x64A;&#x646; &#x627;&#x62D;&#x645;&#x62F; &#x628;&#x646; &#x639;&#x628;&#x62F; &#x627;&#x644;&#x62D;&#x644;&#x64A;&#x645; &#x61B; &#x62A;&#x62D;&#x642;&#x64A;&#x642; &#x645;&#x62D;&#x645;&#x62F; &#x631;&#x634;&#x627;&#x62F; &#x633;&#x627;&#x644;&#x645;</subfield>
  </datafield>
  <datafield tag="260" ind1=" " ind2=" ">
    <subfield code="a">&#x627;&#x644;&#x642;&#x627;&#x647;&#x631;&#x629; ;; alqahirat :</subfield>
    <subfield code="b">&#x645;&#x637;&#x628;&#x639;&#x629; &#x627;&#x644;&#x645;&#x62F;&#x646;&#x64A;&#x60C;;; matbaeat almadani,</subfield>
    <subfield code="c">&#x661;&#x669;&#x666;&#x662;[1962]</subfield>
  </datafield>
  <datafield tag="300" ind1=" " ind2=" ">
    <subfield code="a">&#x662; &#x645;. :</subfield>
    <subfield code="b">&#x644;&#x648;&#x62D;&#x627;&#x62A; &#x61B;</subfield>
    <subfield code="c">&#x662;&#x664; &#x633;.</subfield>
  </datafield>
  <datafield tag="490" ind1="1" ind2=" ">
    <subfield code="a">rawayie alturath alearabii ;; &#x631;&#x648;&#x627;&#x626;&#x639; &#x627;&#x644;&#x62A;&#x631;&#x627;&#x62B; &#x627;&#x644;&#x639;&#x631;&#x628;&#x64A;</subfield>
  </datafield>
  <datafield tag="505" ind1=" " ind2=" ">
    <subfield code="a">Vol.1.--v,2.--</subfield>
  </datafield>
  <datafield tag="650" ind1=" " ind2="4">
    <subfield code="a">Islam</subfield>
    <subfield code="x">Doctrines</subfield>
    <subfield code="9">210</subfield>
  </datafield>
  <datafield tag="650" ind1=" " ind2="4">
    <subfield code="a">Hanbalites</subfield>
    <subfield code="9">1455</subfield>
  </datafield>
  <datafield tag="700" ind1="1" ind2=" ">
    <subfield code="a">Salem, Mohamed Rashad Rafeeq  ;; &#x633;&#x627;&#x644;&#x645;&#x60C; &#x645;&#x62D;&#x645;&#x62F; &#x631;&#x634;&#x627;&#x62F; &#x631;&#x641;&#x64A;&#x642;</subfield>
    <subfield code="9">1456</subfield>
  </datafield>
  <datafield tag="830" ind1=" " ind2="0">
    <subfield code="a">rawayie alturath alearabii;; &#x631;&#x648;&#x627;&#x626;&#x639; &#x627;&#x644;&#x62A;&#x631;&#x627;&#x62B; &#x627;&#x644;&#x639;&#x631;&#x628;&#x64A;</subfield>
    <subfield code="9">1457</subfield>
  </datafield>
  <datafield tag="942" ind1=" " ind2=" ">
    <subfield code="2">ddc</subfield>
    <subfield code="c">BK</subfield>
  </datafield>
  <datafield tag="999" ind1=" " ind2=" ">
    <subfield code="c">79415</subfield>
    <subfield code="d">79415</subfield>
  </datafield>
  <datafield tag="952" ind1=" " ind2=" ">
    <subfield code="0">0</subfield>
    <subfield code="1">0</subfield>
    <subfield code="2">ddc</subfield>
    <subfield code="4">0</subfield>
    <subfield code="7">1</subfield>
    <subfield code="8">NFIC</subfield>
    <subfield code="a">RUCL</subfield>
    <subfield code="b">RUCL</subfield>
    <subfield code="c">Reading</subfield>
    <subfield code="d">1964-04-17</subfield>
    <subfield code="o">A 297.8 IBM V-1 1962</subfield>
    <subfield code="r">2022-02-17 00:00:00</subfield>
    <subfield code="t">C-2</subfield>
    <subfield code="y">BK</subfield>
  </datafield>
  <datafield tag="952" ind1=" " ind2=" ">
    <subfield code="0">0</subfield>
    <subfield code="1">0</subfield>
    <subfield code="2">ddc</subfield>
    <subfield code="4">0</subfield>
    <subfield code="7">0</subfield>
    <subfield code="8">NFIC</subfield>
    <subfield code="a">RUCL</subfield>
    <subfield code="b">RUCL</subfield>
    <subfield code="c">GEN</subfield>
    <subfield code="d">1964-04-17</subfield>
    <subfield code="o">A 297.8 IBM V-1 1962</subfield>
    <subfield code="r">2022-02-17 00:00:00</subfield>
    <subfield code="t">C-1</subfield>
    <subfield code="y">BK</subfield>
  </datafield>
  <datafield tag="952" ind1=" " ind2=" ">
    <subfield code="0">0</subfield>
    <subfield code="1">0</subfield>
    <subfield code="2">ddc</subfield>
    <subfield code="4">0</subfield>
    <subfield code="7">1</subfield>
    <subfield code="8">NFIC</subfield>
    <subfield code="a">RUCL</subfield>
    <subfield code="b">RUCL</subfield>
    <subfield code="c">Reading</subfield>
    <subfield code="d">1968-07-22</subfield>
    <subfield code="e">Swets &amp; Zeitlinger</subfield>
    <subfield code="g">70.25</subfield>
    <subfield code="o">A 297.8 IBM V-2 1963</subfield>
    <subfield code="r">2022-02-17 00:00:00</subfield>
    <subfield code="t">C-1</subfield>
    <subfield code="y">BK</subfield>
  </datafield>
</record>
